|
|
|
|
| LEADER |
02642nam a2200661 4500 |
| 001 |
ocn865652835 |
| 003 |
OCoLC |
| 005 |
20170124071225.3 |
| 006 |
m o d |
| 007 |
cr |n||||||||| |
| 008 |
131220s2014 enk ob 001 0 eng d |
| 040 |
|
|
|a IDEBK
|b eng
|e rda
|e pn
|c IDEBK
|d EBLCP
|d OCLCQ
|d CUI
|d DG1
|d CUI
|d CUS
|d YDXCP
|d OCLCO
|d CDX
|d CNSPO
|d OCLCF
|d OCLCQ
|d E7B
|d DEBSZ
|d COO
|d OCLCQ
|d GrThAP
|
| 019 |
|
|
|a 865537215
|a 871670152
|a 875529185
|a 908034816
|
| 020 |
|
|
|a 9781118577608
|q (electronic bk.)
|
| 020 |
|
|
|a 1118577604
|q (electronic bk.)
|
| 020 |
|
|
|a 1306203929
|q (ebk)
|
| 020 |
|
|
|a 9781306203920
|q (ebk)
|
| 020 |
|
|
|a 9781118577547
|q (electronic bk.)
|
| 020 |
|
|
|a 111857754X
|q (electronic bk.)
|
| 020 |
|
|
|a 9781118577578
|q (e-book)
|
| 020 |
|
|
|a 1118577574
|q (e-book)
|
| 020 |
|
|
|z 9781848214200
|q (hbk.)
|
| 020 |
|
|
|z 1848214200
|q (hbk.)
|
| 029 |
1 |
|
|a DEBSZ
|b 431583382
|
| 029 |
1 |
|
|a GBVCP
|b 790212013
|
| 029 |
1 |
|
|a NZ1
|b 16091798
|
| 029 |
1 |
|
|a ZWZ
|b 185336353
|
| 029 |
1 |
|
|a DEBBG
|b BV043396436
|
| 035 |
|
|
|a (OCoLC)865652835
|z (OCoLC)865537215
|z (OCoLC)871670152
|z (OCoLC)875529185
|z (OCoLC)908034816
|
| 037 |
|
|
|a 551643
|b MIL
|
| 050 |
|
4 |
|a QC20.7.D5
|
| 082 |
0 |
4 |
|a 510
|a 621
|
| 049 |
|
|
|a MAIN
|
| 245 |
0 |
0 |
|a Nonlinear physical systems :
|b spectral analysis, stability and bifurcations /
|c edited by Oleg N. Kirillov, Dmitry E. Pelinovsky.
|
| 264 |
|
1 |
|a London :
|b ISTE ;
|a Hoboken, NJ :
|b Wiley,
|c 2014.
|
| 300 |
|
|
|a 1 online resource (xvii, 429 pages).
|
| 336 |
|
|
|a text
|b txt
|2 rdacontent
|
| 337 |
|
|
|a computer
|b c
|2 rdamedia
|
| 338 |
|
|
|a online resource
|b cr
|2 rdacarrier
|
| 490 |
1 |
|
|a Mechanical engineering and solid mechanics series
|
| 504 |
|
|
|a Includes bibliographical references and index.
|
| 588 |
0 |
|
|a Print version record.
|
| 650 |
|
0 |
|a Differential equations, Nonlinear.
|
| 650 |
|
0 |
|a Differential equations, Partial.
|
| 650 |
|
0 |
|a Dynamics.
|
| 650 |
|
0 |
|a Nonlinear systems.
|
| 650 |
|
7 |
|a Differential equations, Nonlinear.
|2 fast
|0 (OCoLC)fst00893474
|
| 650 |
|
7 |
|a Differential equations, Partial.
|2 fast
|0 (OCoLC)fst00893484
|
| 650 |
|
7 |
|a Dynamics.
|2 fast
|0 (OCoLC)fst00900295
|
| 650 |
|
7 |
|a Nonlinear systems.
|2 fast
|0 (OCoLC)fst01038810
|
| 655 |
|
4 |
|a Electronic books.
|
| 655 |
|
0 |
|a Electronic books.
|
| 700 |
1 |
|
|a Kirillov, Oleg N.,
|d 1972-
|
| 700 |
1 |
|
|a Pelinovsky, Dmitry.
|
| 776 |
0 |
8 |
|i Print version:
|t Nonlinear physical systems.
|d London : ISTE ; Hoboken, N.J. : Wiley, 2014
|z 9781848214200
|w (DLC) 2013950133
|w (OCoLC)861360896
|
| 830 |
|
0 |
|a Mechanical engineering and solid mechanics series.
|
| 856 |
4 |
0 |
|u https://doi.org/10.1002/9781118577608
|z Full Text via HEAL-Link
|
| 994 |
|
|
|a 92
|b DG1
|